000 00754nam a22002537a 4500
003 AR-CdUBM
005 20220906180407.0
008 120614s2007 ag ||||| |||| 00| 0 spa d
020 _a9789876140195
040 _aAR-CdUBM
_cAR-CdUBM
080 _a35
082 1 4 _214
_a363.2
100 1 _92981
_aGalvani, Mariana
245 1 3 _aLa marca de la gorra :
_bun análisis de la Policia Federal /
_cMariana Galvani.
260 _aBuenos Aires :
_bCapital Intelectual,
_c2007.
300 _a109 p. :
_c20 cm.
490 0 _aClaves para Todos
504 _aBibliografía: p. 103-107.
610 2 0 _aPolicía Federal Argentina
_92983
650 1 0 _92982
_aPOLICIA
650 4 _911078
_aACTIVIDADES POLICIALES
942 _cLIBRO
_2ddc
945 _amag
_d2012-06-14
999 _c2700
_d2700
980 _820562
_g Diego Higa